Statistics for Spain at the Eurovision Song Contest (songs)

Click here to take the quiz!

General Stats

  • This quiz has been taken 28 times
  • The average score is 28 of 58

Answer Stats

YearSong% Correct
2014Dancing in the rain
96%
2010Algo pequeñito
88%
1968La, la, la
88%
2018Tu canción
88%
1972Amanece
79%
2017Do it for your lover
75%
2002Europe's living a celebration
75%
2012Quédate conmigo
75%
2015Amanecer
71%
1991Bailar pegados
71%
2013Contigo hasta el final
71%
1982Él
71%
2011Que me quiten lo bailao
71%
2016Say yay!
71%
1990Bandido
67%
2003Dime
67%
1973Eres tú
67%
2008Baila el Chiki-chiki
63%
2007I love you mi vida
63%
2009La noche es para mí
63%
1969Vivo cantando
63%
2005Brujería
58%
1961Estando contigo
58%
1983¿Quién maneja mi barca?
54%
1979Su canción
54%
1995Vuelve conmigo
54%
2006Bloody Mary
50%
2001Dile que la quiero
50%
1966Yo soy aquél
50%
2000Colgado de un sueño
46%
1984Lady, lady
46%
2004Para llenarme de ti
46%
1977Enséñame a cantar
42%
1971En un mundo nuevo
42%
1989Nacida para amar
42%
1970Gwendolyne
38%
1988La chica que yo quiero (Made in Spain)
38%
1985La fiesta terminó
38%
1994Ella no es ella
33%
1993Hombres
33%
1999No quiero escuchar
33%
1965Qué bueno, qué bueno
33%
1992Todo esto es la música
29%
1986Valentino
29%
1974Canta y sé feliz
25%
1964Caracola
25%
1962Llámame
25%
1987No estás solo
25%
1963Algo prodigioso
21%
1996¡Ay, qué deseo!
21%
1978Bailemos un vals
21%
1997Sin rencor
21%
1998¿Qué voy a hacer sin ti?
17%
1975Tú volverás
17%
1981Y solo tú
17%
1967Hablemos del amor
13%
1980Quédate esta noche
13%
1976Sobran las palabras
13%

Score Distribution

Percentile by Number Answered

Percent of People with Each Score

Your Score History

You have not taken this quiz